Departamentos de Colombia por fronteras en 20 segundos - Estadísticas

Estadísticas generales
  • Esta prueba ha sido intentada 353 veces
  • La puntuación promedio es 19 de 33
Respuestas en el mapa
Las respuestas están codificadas por una escala verde-roja en el mapa de la prueba según el % correcto abajo.
 
Estadísticas de respuestas
Departamento % Correcto
Boyacá
82%
Antioquia
76%
Santander
75%
Cundinamarca
74%
Bolívar
73%
Meta
73%
Huila
72%
Caldas
70%
Caquetá
69%
Casanare
68%
Risaralda
67%
Putumayo
65%
Cesar
64%
Córdoba
61%
Amazonas
60%
Cauca
60%
Chocó
60%
Tolima
60%
Bogotá Distrito Capital
59%
Magdalena
59%
Vaupés
59%
Vichada
55%
Guaviare
52%
Valle del Cauca
51%
Arauca
47%
La Guajira
45%
Norte de Santander
42%
Nariño
41%
Atlántico
38%
Quindío
35%
Sucre
34%
Guainía
32%
San Andrés, Providencia y Santa Catalina
26%
No se encontraron pruebas coincidentes
Distribución de puntuación
Porcentaje de gente con cada puntuación
Porcentaje por número respondido
Historial de tus puntuaciones
No has intentado esta prueba.